Kraje po języku - Statystyki

Ogólne statystyki
  • Ten quiz został rozwiązany 212 razy
  • Średni wynik to 12 z 15
Statystyki odpowiedzi
Hint Odpowiedź % Poprawnych
المملكة العربية السعودية Arabia Saudyjska
96%
Danmark Dania
93%
România Rumunia
93%
United Kingdom Wielka Brytania
93%
Deutschland Niemcy
89%
Norge Norwegia
88%
Việt Nam Wietnam
88%
Россия Rosja
85%
Österreich Austria
83%
Україна Ukraina
82%
Қазақстан Kazachstan
74%
대한민국 Korea
73%
Magyarország Węgry
67%
Ελλάδα Grecja
65%
नेपाल Nepal
53%
Nie znaleziono quizów pasujących do podanych kryteriów
Rozkład punktacji
Procent ludzi z każdym wynikiem
Percentyl według liczby udzielonych odpowiedzi
Twoja historia wyników
Nie rozwiązałeś tego quizu